000 00435nam a22001457a 4500
020 _a969-35-0547-6
040 _cNUST
082 _a891.4393,HAI
100 _aHaider, Quratulain
_9110330
245 _aAkhir e Shab Ke Humsafar / آخر شب کے ہمسفر (Urdu) /
_cQuratulain Haider
260 _aLahore
_bSang-e-Meel Pub
_c2017
300 _a360 p.;
650 _aUrdu Literature
_xNovel
_9110271
942 _2ddc
_cBK
_k891.4393,HAI
999 _c593751
_d593751